Statistics for UD Las Palmas Squad 2017-2018

Click here to take the quiz!

General Stats

  • This quiz has been taken 10 times
  • The average score is 20 of 36

Answer Stats

#PositionNationPlayer% Correct
3DFUruguayMauricio Lemos
100%
5DFSpainDavid García
83%
21MFSpainJonathan Viera
83%
12DFBrazilMíchel Macedo
83%
1GKSpainRaúl Lizoain
83%
25MFItalyAlberto Aquilani
67%
23DFSpainDani Castellano
67%
2DFSpainDavid Simón
67%
10FWNigeriaEmmanuel Emenike
67%
18MFSpainJavi Castellano
67%
9FWArgentinaJonathan Calleri
67%
13GKArgentinaLeandro Chichizola
67%
10FWMoroccoOussama Tannane
67%
24MFSpainTana
67%
4MFSpainVicente Gómez
67%
20DFSpainAlejandro Gálvez
50%
8MFCroatiaAlen Halilović
50%
16DFSpainAythami Artiles
50%
14MFSpainHernán Santana
50%
19FWArgentinaHernán Toledo
50%
14FWNigeriaImoh Ezekiel
50%
7FWFranceLoïc Rémy
50%
3DFUruguayMatías Aguirregaray
50%
11FWSpainMomo
50%
6MFNigeriaOghenekaro Etebo
50%
-CoachSpainPaco Jémez
50%
-CoachSpainPako Ayestarán
50%
17DFSpainPedro Bigas
50%
22DFSpainXimo Navarro
50%
15DFSpainBorja Herrera
33%
7MFArgentinaGabriel Peñalba
33%
-CoachSpainManolo Márquez
33%
15FWSpainNacho Gil
33%
20FWSpainVitolo
33%
16FWSpainJairo Samperio
17%
6MFSpainSergi Samper
17%

Score Distribution

Percentile by Number Answered

Percent of People with Each Score

Your Score History

You have not taken this quiz